Teoría literaria y lingüística

Na minha lista:
Detalhes bibliográficos
Autor principal: Uitti, Karl
Formato: Livro
Idioma:Undetermined
Publicado em: Madrid, España Cátedra 1975
Assuntos:
Tags: Adicionar Tag
Sem tags, seja o primeiro a adicionar uma tag!

MARC

LEADER 00000nam a2200000Ia 4500
008 170316s9999 xx 000 0 und d
090 |a 801 U-1t 
100 |a Uitti, Karl 
245 |a Teoría literaria y lingüística 
260 |a Madrid, España 
260 |b Cátedra 
260 |c 1975 
300 |a 223 páginas 
650 |a TEORÍA LITERARIA 
999 |c 20714  |d 20714 
040 |a cru BVZT 
942 |c 15 D  |h 801 U-1t  |2 z